000 00725nam a22002297a 4500
003 UA-OsUOA
001 71063
007 ta
008 20101001b un ||||| |||| 00| 0 ukr d
100 _aВовчак О.
700 _aХмелярчук М.
090 _a330(477)
_bВ61
942 _cSA
040 _aUA-OsUOA
_bukr
_cUA-OsUOA
_dUA-OsUOA
245 _aІнституційні детермінанти формування монетарної політики в Україні
300 _aС.3-39
955 _a0
041 _aukr
080 _a330(477)
773 0 _w71062
_tВісник Національного банку України
_dК.
_d2010
_g9
650 7 _a330 Економіка взагалі
_2UDC
999 _c357334
_d357334